Gaming Quiz

Random Gaming or Pokémon Quiz

All Generation 6 Pokemon Quiz Stats

 Plays Quiz not verified by Sporcle

Support Sporcle.
Go Orange.
Score 0/72 Timer 12:00
1 Play Today
Hint Answer % Correct
GrassChespin
100%
Fire/PsychicDelphox
100%
WaterFroakie
100%
Water/DarkGreninja
100%
Grass/FightingChesnaught
97.1%
FireFennekin
97.1%
FireBraixen
97.1%
Normal/FlyingFletchling
97.1%
Fire/FlyingTalonflame
97.1%
GrassQuilladin
94.1%
WaterFrogadier
94.1%
Fire/FlyingFletchinder
94.1%
Fire/NormalPyroar
91.2%
Dark/FlyingYveltal
91.2%
Dragon/GroundZygarde
91.2%
Rock/FairyDiancie
91.2%
NormalBunnelby
88.2%
BugScatterbug
88.2%
BugSpewpa
88.2%
Fire/NormalLitleo
88.2%
Poison/WaterSkrelp
88.2%
Poison/DragonDragalge
88.2%
Rock/DragonTyrunt
88.2%
Rock/DragonTyrantrum
88.2%
Fire/WaterVolcanion
88.2%
Normal/GroundDiggersby
85.3%
Fighting/FlyingHawlucha
85.3%
DragonGoomy
85.3%
DragonGoodra
85.3%
FairyXerneas
85.3%
Bug/FlyingVivillon
82.4%
Steel/GhostHonedge
82.4%
Steel/GhostDoublade
82.4%
Steel/GhostAegislash
82.4%
DragonSliggoo
82.4%
Ghost/GrassTrevenant
79.4%
Hint Answer % Correct
GrassGogoat
76.5%
Electric/NormalHelioptile
76.5%
Electric/NormalHeliolisk
76.5%
Rock/IceAmaura
76.5%
Steel/FairyKlefki
76.5%
Psychic/GhostHoopa
76.5%
FairyFlabébé
73.5%
FairyFlorges
73.5%
FightingPancham
73.5%
Fighting/DarkPangoro
73.5%
Rock/IceAurorus
73.5%
Rock/FairyCarbink
73.5%
Ghost/GrassPhantump
73.5%
FairyFloette
70.6%
GrassSkiddo
70.6%
FairyAromatisse
70.6%
FairySlurpuff
70.6%
WaterClauncher
70.6%
WaterClawitzer
70.6%
FairySylveon
70.6%
PsychicMeowstic
67.6%
FairySpritzee
67.6%
FairySwirlix
67.6%
Dark/PsychicInkay
67.6%
Electric/FairyDedenne
67.6%
Ghost/GrassPumpkaboo
67.6%
Flying/DragonNoibat
67.6%
Flying/DragonNoivern
67.6%
PsychicEspurr
64.7%
Rock/WaterBarbaracle
64.7%
Ghost/GrassGourgeist
64.7%
IceAvalugg
64.7%
Dark/PsychicMalamar
61.8%
Rock/WaterBinacle
61.8%
IceBergmite
61.8%
NormalFurfrou
58.8%

You're not logged in!

Compare scores with friends on all Sporcle quizzes.
OR
Log In

From the Vault

Fruits and Vegetables by Emoji

by geronimostilton

Emojis have never looked so good.
Remove Ads.
Support Sporcle.
Get the best of Sporcle when you Go Orange. This ad-free experience offers more features, more stats, and more fun while also helping to support Sporcle. Thank you for becoming a member.

Show Comments

Extras

Created Feb 24, 2020ReportNominate
Tags:Pokémon Quiz, Generation

Top Quizzes Today


Score Distribution

Your Account Isn't Verified!

In order to create a playlist on Sporcle, you need to verify the email address you used during registration. Go to your Sporcle Settings to finish the process.

Report this User

Report this user for behavior that violates our Community Guidelines.

Details: